Vista normal
Vista MARC
- Drogadicción
Entrada Materia
Número de registros utilizados en: 51
001 - NÚMERO DE CONTROL DEL REGISTRO
- campo de control: 5914
003 - IDENTIFICADOR DE NUMERO DE CONTROL
- campo de control: UPN
005 - FECHA Y HORA DE LA ÚLTIMA TRANSACCIÓN
- campo de control: 20231013112105.0
008 - DATOS DE LONGITUD FIJA
- campo de control de longitud fija: nabaccnnaabn|||||||||| b |nc|||||d
035 ## - NÚMERO DE CONTROL DEL SISTEMA
- Número de control del sistema: UPN10000005914
040 ## - FUENTE DE LA CATALOGACIÓN
- Lengua de catalogación: SPA
- Agencia de transcripción: UPN
- Centro catalogador de origen: MX-MxUPN
150 ## - ENCABEZAMIENTO - TEMÁTICO
- Término de materia o nombre geográfico como elemento inicial: Drogadicción
450 ## - VÉASE - MATERIA
- Encabezamiento temático: Narcomanía
670 ## - FUENTE EN LA QUE SE LOCALIZARON DATOS
- Cita de la fuente: A
680 ## - NOTA GENERAL CON DESPLIEGUE PÚBLICO
- Texto explicativo: Usase para las obras que tratan sobre la adicción al alcohol, narcóticos tales como LSD, marihuana, opio, morfina, codeína y heroína. Obras sobre el abuso de drogas en sentido general, tales como aspirina, bromuros, cafeína, sedantes, aparecen bajo
- Encabezamiento: ABUSO DE DROGAS
- Texto explicativo: Obras sobre el abuso de drogas terapeúticas, aparecen bajo
- Encabezamiento: ABUSO DE MEDICAMENTOS
902 ## - CATALOGADOR
- Catalogador: CAA/200307